| 000 | 00491nam a22001937a 4500 | ||
|---|---|---|---|
| 999 |
_c534097 _d534097 |
||
| 003 | NUST - | ||
| 005 | 20200130161453.0 | ||
| 008 | 151004b xxu||||| |||| 00| 0 eng d | ||
| 020 | _a- | ||
| 038 | _aMSOHAIL | ||
| 040 | _cLIBRARY | ||
| 082 | _a891.439 JIL | ||
| 100 |
_aJillani, Ahmad Javaid _928225 |
||
| 245 |
_aTasveer dost _cAhmad Javaid Jillani |
||
| 260 |
_cLahore _aMaqbool Academy _bc2000 |
||
| 300 | _a400;p | ||
| 650 |
_aUrdu Literature _xGeneral _920894 |
||
| 942 |
_2ddc _cBK |
||